Duvar : (Kayıt no. 10340)

MARC ayrıntıları
000 -BAŞLIK
Sabit Uzunluktaki Kontrol Alanı 01508nam a22003137a 4500
003 - KONTROL NUMARASI KİMLİĞİ
Kontrol Alanı KOHA_MİRAKIL
005 - EN SON İŞLEM TARİHİ ve ZAMANI
Kontrol Alanı 20260428083047.0
008 - SABİT UZUNLUKTAKİ VERİ ÖGELERİ - GENEL BİLGİ
Sabit Alan 260427b tu ||||| |||| 00| 0 tur d
020 ## - ISBN - ULUSLARARASI STANDART KİTAP NUMARASI
Isbn 9786057070234
040 ## - KATALOGLAMA KAYNAĞI
Özgün Kataloglama Kurumu TR-AnABB
Kataloglama Dili tur
Çeviri Kurumu TR-AnABB
041 ## - DİL KODU
Metin ya da ses kaydının dil kodu tur
082 ## - DEWEY ONU SINIFLAMA SİSTEMİ
Sınıflama Numarası 364.106 095 61
Cutter numarası SIK 2021
100 1# - KİŞİ ADI
Yazar Adı (Kişi adı) Şık, Ahmet
245 10 - ESER ADI BİLDİRİMİ
Başlık Duvar :
Alt Eseradı vb. Sedat Peker'in itiraf, ifşaat ve iddialarına ilişkin Türkiye İşçi Partisi araştırma raporu /
Sorumluluk Bildirimi Ahmet Şık, Bahadır Özgür, Ertuğrul Mavioğlu, Hakkı Özdal, Timur Soykan
246 ## - DEĞİŞİK BAŞLIK FORMU
Başlık uygun / kısa başlık Duvar
250 ## - BASIM BİLDİRİMİ
Basım Bildirimi 2. basım
260 ## - YAYIN, DAĞITIM, VB.
Yayın Yeri İstanbul :
Yayınevi İleri Kitaplığı Yayınevi,
Yayın Tarihi 2021
300 ## - FİZİKSEL TANIMLAMA
Sayfa, Cilt vb. 517 sayfa ;
Boyutları 20 cm
490 0# - DİZİ BİLDİRİMİ
Dizi Bildirimi İleri Kitaplığı Yayınevi ;
Cilt Numarası 11
500 ## - GENEL NOT
Genel Not Dizin vardır.
505 ## - İÇİNDEKİLER NOTU
İçindekiler Notu İçindekiler: Duvar - Tuğlayı Çekme Zamanı - Devletin Karanlık YÜzleri - Derin Devletin pikesi - Bir babasının oğlu daha: Süleyman Soylu - Devletin bahçesinde yetişen mafya - Adalı suikastı yıllar sonra ifşa oldu - Devlet: Uyuşturucu ticaretinin olağan şüphelisi - Türkiye kara paranın çamaşırhanesi - Avrupa'ya uzanan mafyatik ilişkiler - AKP Suriye'de cihatta - Peker: Metin Külünk dışındaki siyasilere de para verdim
650 04 - KONU BAŞLIĞI EK GİRİŞ - KONU TERİMİ
Konusal terim veya coğrafi ad Organize suçlar, Türkiye
700 1# - EK GİRİŞ - KİŞİ ADI
Yazar Adı (Kişi adı) Özgür, Bahadır
9 (RLIN) 3588
700 1# - EK GİRİŞ - KİŞİ ADI
Yazar Adı (Kişi adı) Mavioğlu, Ertuğrul
9 (RLIN) 3589
700 1# - EK GİRİŞ - KİŞİ ADI
Yazar Adı (Kişi adı) Özdal, Hakkı
9 (RLIN) 3590
700 1# - EK GİRİŞ - KİŞİ ADI
Yazar Adı (Kişi adı) Soykan, Timur
9 (RLIN) 3591
900 ## - YEREL BİLGİ
Kontrol Can ÇELIK
942 ## - EK GİRİŞ ÖGELERİ (KOHA)
Sınıflama Kaynağı Dewey Decimal Classification
Materyal Türü Kitap
Mevcut
Geri Çekilme Durumu Kayıp Durumu Sınıflandırma Kaynağı Kredi için değil Kalıcı Konum Mevcut Konum Kayıt Tarih Toplam Ödünçverme Yer Numarası Demirbaş Numarası Son Görülme Tarihi Fatura Tarihi Materyal Türü
    Dewey Decimal Classification   Prof. Dr. Ruşen Keleş Kütüphanesi Prof. Dr. Ruşen Keleş Kütüphanesi 27/04/2026   364.106 095 61 SIK 2021 RK7246 27/04/2026 27/04/2026 Kitap